Alliterative Geography - Statistics

General Stats
  • This quiz has been taken 145 times
  • The average score is 8 of 21
Answer Stats
Hint Answer % Correct
Newest Country in the World South Sudan
78%
Capital of Cambodia Phnom Penh
76%
Peninsula of Massachusetts Cape Cod
71%
Part of the White House with the Oval Office West Wing
67%
Also known as Denali Mt McKinley
66%
Famous monument on the Thames Big Ben
63%
Central American capital San Salvador
61%
Largest city on Hispanola Port au Prince
54%
Holy site in Jerusalem Western Wall
53%
Major city on the Horn of Africa Addis Ababa
49%
Separates India and Indonesia Bay of Bengal
41%
Between France and Spain Bay of Biscay
28%
Bay near Sydney Botany Bay
25%
Texas port city Corpus Christi
25%
Lake with the same name as a Swiss City Lake Lucerne
20%
Borders countries including Ghana and Cameroon Gulf of Guinea
19%
Largest Lake in Europe Lake Ladoga
18%
Longest River in France Rhine River
17%
Strait near San Francisco Golden Gate
8%
Body of water between Spanish and Italian islands Sea of Sardinia
5%
Largest section of the Earth's crust Pacific Plate
2%
No matching quizzes found
Score Distribution
Percent of People with Each Score
Percentile by Number Answered
Your Score History
You have not taken this quiz